Herencia, medio y educación

Guardado en:
Detalles Bibliográficos
Autor principal: Balmonte, Ana María (Autor)
Formato: Libro
Lenguaje:español
Publicado: Barcelona Salvat 1979
Colección:Biblioteca Salvat de Grandes Temas, 33
Materias:
Etiquetas: Agregar Etiqueta
Sin Etiquetas, Sea el primero en etiquetar este registro!

MARC

LEADER 00000nam a2200000 a 4500
001 UCJ8952
003 CL-VaPUC
008 070126e19790000SP |||||||||||||||||spa|d
020 |a 843457733X 
082 0 4 |a 155.2  |b BAL  |2 21 
100 0 |a Balmonte, Ana María  |e author  |9 518784 
245 1 0 |a Herencia, medio y educación 
300 |a 142 p 
942 |c BK 
945 |d 20070126 00:00:00  |a jtorresc 
260 |a Barcelona  |b Salvat  |c 1979 
500 |a Donación de la Dra. Marianne Peronard Thierry 
650 0 |a Psicología individual  |9 309049 
650 0 |a Procesos mentales superiores  |9 330839 
650 7 |a TEST DE LINGUISTICA  |2 CL-VaPUC  |9 518785 
650 7 |a PSICOLOGIA GENETICA  |2 CL-VaPUC  |9 308771 
583 |a last modification  |c 20070126 00:00:00  |k Rodrigo Vera 
490 0 |a Biblioteca Salvat de Grandes Temas, 33 
999 |c 324596  |d 324594 
952 |0 0  |1 0  |4 0  |6 155_200000000000000_BAL_1979  |7 0  |8 A  |9 404863  |a FDOPOS  |b FDOPOS  |d 2019-11-22  |i 4317947  |o 155.2 BAL 1979  |p 4317947  |r 2025-01-22  |w 2019-11-22  |y BK  |k MLA